| 000 | 00918nam a2200289 a 4500 | ||
|---|---|---|---|
| 001 | 000010440 | ||
| 003 | DO-SdBNP | ||
| 005 | 20220308090558.0 | ||
| 007 | 000010440 | ||
| 008 | 091007s2005 dr a 001 0 spa d | ||
| 020 | _a999344930X | ||
| 040 |
_aBPMSU _bspa _cBPMSU |
||
| 082 |
_aRD863.44 _bM778e 2005 _222 |
||
| 100 | 1 | _aMontero, Jenny | |
| 245 | 1 | 0 |
_aÉranse unas criaturas del monte / _cJenny Montero. |
| 260 |
_aSanto Domingo, : _bNacional, _c2005. |
||
| 300 |
_a205 p. : _bil ; _c23 cm. |
||
| 490 | 0 | _aPremios nacionales | |
| 500 | _aIncluye datos biográficos de la autora en la solapa de la cubierta | ||
| 586 | _aPremio anual de literatura infantil aurora Tavárez Belliard 2005 | ||
| 590 | _6Inventariado, 2022/VM | ||
| 650 | _aCuentos dominicanos | ||
| 650 | 4 | _aPoesía dominicana | |
| 650 | _aLiteratura dominicana | ||
| 910 | _aVMateo V. /Validado. Control de calidad MFF | ||
| 942 |
_2ddc _cBK |
||
| 999 |
_c7206 _d7206 |
||